00936nam a2200229 a 450000500170000000800410001704000250005804100080008304400070009110000300009811001000012811100520022824501260028026000470040630000170045350500420047050500440051265000300055665000360058671000750062271000090069720171004173111.0140311b1999 ck ||||| |||| 00| 0 spa d aCO-BoIAVHcCO-BoIAVH aspa ack aGiraldo I., Martha Helena aColombiabMinisterio del Medio AmbientebDirección Técnica de Ecosistemas, grupo de Bosques aBoletín bibliográficodjulio-agosto,1999n210aProyecto: aplicación y evaluación de criterios e indicadores para la ordenación sostenible de los Bosques naturales aBogotábMinambientebACOFOREbOIMTc1999 a70 páginas aVol. 1: Boletín 1 Abril-Junio 1999 aVol. 2: Boletín 2 Julio-Agosto 199916aMedio ambientevBoletines16aMedio ambientevBibliográfias a^Asociación Colombiana de Reforestadores e Industriales de la Madera aOIMT